Logo CIB grande

PRACTICAS DE QUIMICA (Registro nro. 193736)

Detalles MARC
000 -LEADER
campo de control de longitud fija 00862nam a2200253Ia 4500
005 - FECHA Y HORA DE LA ÚLTIMA TRANSACCIÓN
campo de control 20250425160651.0
008 - DATOS DE LONGITUD FIJA--INFORMACIÓN GENERAL
campo de control de longitud fija 250425s9999 xx 000 0 und d
020 ## - NÚMERO INTERNACIONAL ESTÁNDAR DEL LIBRO
Número Internacional Estándar del Libro 9701003810
041 ## - CÓDIGO DE IDIOMA
Código de lengua del texto/banda sonora o título independiente spa
082 ## - NÚMERO DE LA CLASIFICACIÓN DECIMAL DEWEY
Número de clasificación 540.28
010 ## - NÚMERO DE CONTROL DE LA BIBLIOTECA DEL CONGRESO
Número de control de LC 1848
100 ## - ENTRADA PRINCIPAL--NOMBRE DE PERSONA
Nombre de persona ALCANTARA BARBOSA, MARIA DEL CONSUELO
245 #0 - MENCIÓN DEL TÍTULO
Título PRACTICAS DE QUIMICA
250 ## - MENCION DE EDICION
Mención de edición 1A ED.
260 ## - PUBLICACIÓN, DISTRIBUCIÓN, ETC.
Lugar de publicación, distribución, etc. MEXICO
260 ## - PUBLICACIÓN, DISTRIBUCIÓN, ETC.
Lugar de publicación, distribución, etc. México
Nombre del editor, distribuidor, etc. MCGRAW-HILL INTERAMERICANA
Fecha de publicación, distribución, etc. 1993
300 ## - DESCRIPCIÓN FÍSICA
Extensión 119
500 ## - NOTA GENERAL
Nota general CONSULTAR INV. 31879 EN BIBTEC
520 ## - RESUMEN, ETC.
Sumario, etc. PRESENTAN PRACTICAS DE FACIL REALIZACION. TRATA DE QUE EL ESTUDIANTE ASIMILE LOS PRINCIPIOS BASICOS DEL METODO EXPERIMENTAL, CONOZCA LOS RUDIMENTOS DEL TRABABAJO DEL LABORATORIO Y REAFIRME LOS CONOCIMIENTOS TEORICOS ADQUIRIDOS EN EL AULA.
650 ## - PUNTO DE ACCESO ADICIONAL DE MATERIA--TÉRMINO DE MATERIA
Término de materia o nombre geográfico como elemento de entrada ENSAYOS DE LABORATORIO
650 ## - PUNTO DE ACCESO ADICIONAL DE MATERIA--TÉRMINO DE MATERIA
Término de materia o nombre geográfico como elemento de entrada EXPERIMENTOS
650 ## - PUNTO DE ACCESO ADICIONAL DE MATERIA--TÉRMINO DE MATERIA
Término de materia o nombre geográfico como elemento de entrada QUIMICA
942 ## - ELEMENTOS DE ENTRADA SECUNDARIOS (KOHA)
Tipo de ítem Koha Libros
Existencias
Estatus retirado Estado de pérdida Estado de daño No para préstamo Biblioteca de origen Biblioteca actual Ubicación en estantería Fecha de adquisición Coste, precio normal de compra Etiqueta RFID Total de préstamos Código de barras Copia número Tipo de ítem Koha
        CENTRO DE INFORMACIÓN BIBLIOTECARIA CENTRO DE INFORMACIÓN BIBLIOTECARIA   27/02/2002 8.00 0000000000000000011224   31879 1 Libros

Copyright 2025 ESPOL. Todos los derechos reservados.